000 00219nam a2200097Ia 4500
008 190216s9999||||xx |||||||||||||| ||und||
100 _aNull
245 0 _aHindi-Yek Hadari Varshan
260 _bSahithyasadan
942 _cBK
999 _c18548
_d18548